| Tag |
First Indicator |
Second Indicator |
Subfields |
| LEADER |
00000cam a2200000 a 4500 |
| 001 |
in00000990609 |
| 005 |
20150927154504.0 |
| 008 |
900918s1991 nyua b 00100 eng |
| 010 |
|
|
|a 90049558
|
| 020 |
|
|
|a 0306436221
|
| 020 |
|
|
|a 0306436493 (pbk.)
|
| 035 |
|
|
|a (OCoLC)22508295
|
| 035 |
|
|
|9 AEY1699AM
|
| 040 |
|
|
|a DLC
|c DLC
|d UtOrBLW
|
| 043 |
|
|
|a n-us---
|
| 049 |
|
|
|a TXAM
|
| 050 |
0 |
0 |
|a HQ809.3.U5
|b C37 1990
|
| 082 |
0 |
0 |
|a 362.82/92
|2 20
|
| 090 |
|
|
|a HQ809.3.U5
|b C37 1991
|
| 245 |
0 |
0 |
|a Case studies in family violence /
|c edited by Robert T. Ammerman and Michel Hersen.
|
| 264 |
|
1 |
|a New York :
|b Plenum Press,
|c [1991]
|
| 264 |
|
4 |
|c ©1991
|
| 300 |
|
|
|a xv, 406 pages :
|b illustrations ;
|c 24 cm.
|
| 336 |
|
|
|a text
|b txt
|2 rdacontent
|
| 337 |
|
|
|a unmediated
|b n
|2 rdamedia
|
| 338 |
|
|
|a volume
|b nc
|2 rdacarrier
|
| 504 |
|
|
|a Includes bibliographical references and index.
|
| 650 |
|
0 |
|a Family violence
|z United States
|x Case studies.
|
| 700 |
1 |
|
|a Ammerman, Robert T.
|
| 700 |
1 |
|
|a Hersen, Michel.
|
| 999 |
|
|
|a MARS
|
| 999 |
f |
f |
|s 85eb2469-7050-3ef9-a0b7-b8fc63587476
|i f6ad265a-a29a-36f5-a1bc-b4c935109983
|t 0
|
| 952 |
f |
f |
|p ric
|a Texas A&M University
|b Rellis Campus
|c Joint Library Facility
|d Remote Storage
|t 0
|e HQ809.3.U5 C37 1991
|h Library of Congress classification
|i unmediated -- volume
|m A14815273665
|
| 998 |
f |
f |
|a HQ809.3.U5 C37 1991
|t 0
|l Remote Storage
|